[Event "Wch U20 Girls"]
[Site "Halle"]
[Date "1995.??.??"]
[Round "10"]
[White "Gatine, Aurelia"]
[Black "Stockova, Zuzana"]
[Result "0-1"]
[WhiteElo "2045"]
[BlackElo "2215"]
[PlyCount "94"]
[EventDate "1995.09.??"]
[EventType "swiss"]
[EventRounds "13"]
[EventCountry "GER"]
[SourceTitle "EXT 1997"]
[Source "ChessBase"]
[SourceDate "1996.11.15"]
[SourceVersion "1"]
[SourceVersionDate "1996.11.15"]
[SourceQuality "1"]

1. e4 e6 2. d4 d5 3. Nd2 c5 4. exd5 Qxd5 5. Ngf3 cxd4 6. Bc4 Qd6 7. 0-0 Nf6 8. Nb3 Nc6 9. Nbxd4 Nxd4 10. Qxd4 Qxd4 11. Nxd4 a6 12. Bf4 Bd7 13. Rfe1 Bc5 14. Nb3 Bb6 15. Bd6 Rc8 16. Bd3 Bc6 17. c4 Rd8 18. c5 Bxc5 19. Bxc5 Rxd3 20. Rad1 Rxd1 21. Rxd1 Bd5 22. Rd3 Nd7 23. Bb4 Ne5 24. Rg3 Ng6 25. Rc3 Bc6 26. Na5 Kd7 27. Rd3+ Kc7 28. Bd6+ Kc8 29. Nxc6 bxc6 30. Kf1 Rd8 31. Ke2 e5 32. g3 f6 33. Bc5 Rd5 34. Rc3 f5 35. f3 Kc7 36. b4 Nh8 37. a4 Kb7 38. Bf8 g6 39. h4 Nf7 40. Ke3 Nd8 41. Rc4 Ne6 42. Be7 Kc7 43. Bf6 Kd6 44. Bh8 Rd1 45. Bf6 Rb1 46. f4 Rb3+ 47. Kd2 e4 0-1

[Event "Wch U20 Girls"]
[Site "Halle"]
[Date "1995.??.??"]
[Round "7"]
[White "Gatine, Aurelia"]
[Black "Weng, Annegret"]
[Result "1-0"]
[WhiteElo "2045"]
[BlackElo "2115"]
[PlyCount "126"]
[EventDate "1995.09.??"]
[EventType "swiss"]
[EventRounds "13"]
[EventCountry "GER"]
[SourceTitle "EXT 1997"]
[Source "ChessBase"]
[SourceDate "1996.11.15"]
[SourceVersion "1"]
[SourceVersionDate "1996.11.15"]
[SourceQuality "1"]

1. e4 e5 2. Nf3 Nc6 3. Nc3 Nf6 4. d4 Bb4 5. Nxe5 0-0 6. Nxc6 dxc6 7. Bg5 h6 8. Bxf6 Qxf6 9. Qd2 Rd8 10. 0-0-0 Bxc3 11. Qxc3 Qxf2 12. e5 Be6 13. Qf3 Qh4 14. Qe3 c5 15. dxc5 Rxd1+ 16. Kxd1 Qb4 17. b3 Qa3 18. Bd3 Qxa2 19. Rf1 Re8 20. Qe4 g6 21. g4 Qa1+ 22. Kd2 Qa5+ 23. b4 Qa2 24. Rf6 Qd5 25. Qf4 Kg7 26. h4 Qg2+ 27. Kc3 Qd5 28. Kd2 c6 29. c4 Qd8 30. h5 g5 31. Qe4 Rh8 32. Kc3 a5 33. Qf3 axb4+ 34. Kxb4 Qe7 35. Bf5 Bxf5 36. Qxf5 Re8 37. Qf3 Ra8 38. Qe4 Re8 39. Qf3 Rf8 40. Qf5 Re8 41. Qf2 Rd8 42. Rd6 Re8 43. Qf6+ Qxf6 44. exf6+ Kg8 45. Rd7 Re1 46. Rd8+ Kh7 47. Rf8 Rg1 48. Rxf7+ Kg8 49. Rg7+ Kh8 50. Ka5 Rb1 51. Ka4 Rb2 52. Ka3 Rb1 53. Ka2 Rb4 54. Rg6 Rxc4 55. f7 Ra4+ 56. Kb3 Ra8 57. Rxh6+ Kg7 58. Rg6+ Kxf7 59. Rxg5 Re8 60. Kc3 Re4 61. Kd3 Ra4 62. h6 Ra3+ 63. Ke4 Ra8 1-0

[Event "FRA-ch (Women)"]
[Site "Toulouse"]
[Date "1995.??.??"]
[Round "8"]
[White "Joanovits, Marion"]
[Black "Gatine, Aurelia"]
[Result "0-1"]
[WhiteElo "1920"]
[BlackElo "2045"]
[PlyCount "65"]
[EventDate "1995.??.??"]
[EventType "tourn"]
[EventRounds "11"]
[EventCountry "FRA"]
[SourceTitle "EXT 1998"]
[Source "ChessBase"]
[SourceDate "1997.11.17"]
[SourceVersion "1"]
[SourceVersionDate "1997.11.17"]
[SourceQuality "1"]

1. e4 c5 2. Nf3 d6 3. Bb5+ Bd7 4. Bxd7+ Qxd7 5. c4 Nc6 6. Nc3 e6 7. 0-0 Nge7 8. d3 g6 9. Bg5 Bg7 10. Qd2 0-0 11. Rab1 d5 12. Rfe1 dxc4 13. dxc4 Qxd2 14. Bxd2 Nd4 15. Ng5 h6 16. Nh3 Nec6 17. Red1 Rad8 18. f3 Rd7 19. Nf2 Rfd8 20. Bf4 Na5 21. b3 g5 22. Be3 Nc2 23. Rxd7 Rxd7 24. Ncd1 Nxe3 25. Nxe3 Rd2 26. Kf1 Rxa2 27. b4 cxb4 28. Rxb4 Bd4 29. Nfd1 b6 30. Rb1 Ra4 31. Rc1 Nb3 32. Rc2 Ra1 33. Ke2 0-1

[Event "FRA-ch (Women)"]
[Site "Chambery"]
[Date "1994.??.??"]
[Round "?"]
[White "Gatine, Aurelia"]
[Black "Gervais, Claire"]
[Result "1/2-1/2"]
[WhiteElo "2060"]
[BlackElo "2230"]
[PlyCount "40"]
[EventDate "1994.08.??"]
[EventType "tourn"]
[EventRounds "10"]
[EventCountry "FRA"]
[SourceTitle "EXT 2000"]
[Source "ChessBase"]
[SourceDate "1999.11.16"]
[SourceVersion "1"]
[SourceVersionDate "1999.11.16"]
[SourceQuality "1"]

1. e4 e6 2. d4 d5 3. Nd2 a6 4. Ngf3 c5 5. exd5 exd5 6. c3 Nc6 7. dxc5 Bxc5 8. Nb3 Ba7 9. Bd3 Nf6 10. 0-0 0-0 11. Bc2 Bg4 12. Qd3 Ne4 13. Nbd4 Qd6 14. Ng5 Bb8 15. g3 f5 16. Bf4 Ne5 17. Bxe5 Qxe5 18. Nge6 Rf6 19. Nf4 g5 20. Nxd5 Rh6 1/2-1/2

[Event "Issy Meudon op"]
[Site "Issy Meudon"]
[Date "1994.??.??"]
[Round "2"]
[White "Troffiguer, Olivier"]
[Black "Gatine, Aurelia"]
[Result "1/2-1/2"]
[WhiteElo "2377"]
[BlackElo "2060"]
[PlyCount "76"]
[EventDate "1994.11.??"]
[EventType "tourn"]
[EventRounds "5"]
[EventCountry "FRA"]
[SourceTitle "EXT 2004"]
[Source "ChessBase"]
[SourceDate "2003.11.25"]
[SourceVersion "1"]
[SourceVersionDate "2003.11.25"]
[SourceQuality "1"]

1. d4 Nf6 2. Nf3 g6 3. Bg5 Bg7 4. Nbd2 0-0 5. e4 d6 6. c3 Nbd7 7. Bc4 c6 8. Bb3 Rb8 9. 0-0 b5 10. Re1 a5 11. e5 dxe5 12. dxe5 Nd5 13. e6 Nc5 14. exf7+ Rxf7 15. Bxd5 cxd5 16. Qe2 Bf6 17. Be3 Qd6 18. Bd4 Bf5 19. Ne5 Rff8 20. Bxc5 Qxc5 21. Nb3 Qc7 22. Nd4 b4 23. Nxf5 gxf5 24. Rac1 Qd6 25. f4 bxc3 26. Rxc3 Bxe5 27. Qxe5 Qxe5 28. Rxe5 Rxb2 29. Rxe7 Rf7 30. Re8+ Kg7 31. a3 d4 32. Rg3+ Kf6 33. Rd8 Rc7 34. h3 Rc3 35. Rgg8 d3 36. Rgf8+ Ke6 37. Rfe8+ Kf7 38. Rf8+ Ke6 1/2-1/2